| 000 | 00639nam a2200217 a 4500 | ||
|---|---|---|---|
| 008 | |||
| 020 | _a1899066098 (hbk.) | ||
| 049 | _aMAIN | ||
| 050 | 1 | 0 |
_aRD536 _bVID |
| 245 | 0 | 0 |
_aVideo-assisted thoracic surgery / _cedited by William S.Walker. |
| 260 |
_aOxford : _bIsis Medical Media, _c1999. |
||
| 300 |
_aviii, 232 p. : _bill.(some col.) ; _c29 cm. |
||
| 504 | _aIncludes bibliographical references. | ||
| 500 | _aIncludes index. | ||
| 650 | 1 | 2 | _aThoracic Surgery. |
| 907 |
_a.b10151096 _b19-07-12 _c08-02-05 |
||
| 003 | |||
| 005 | 20230120203845.0 | ||
| 040 | _cNUST | ||
| 942 | _cBOOKS | ||
| 999 |
_c112701 _d112701 |
||